Bulk handling and storage of grain in the humid tropics : (Record no. 14357)

000 -LEADER
fixed length control field 01064cam a2200217Ia 4500
020 ## - INTERNATIONAL STANDARD BOOK NUMBER
ISBN 094951165X
020 ## - INTERNATIONAL STANDARD BOOK NUMBER
ISBN 9780949511652
040 ## - CATALOGING SOURCE
Transcribing agency AGL
082 04 - DEWEY DECIMAL CLASSIFICATION NUMBER
Classification number 631 AUS 1988 A049 Or.
245 00 - TITLE STATEMENT
Title Bulk handling and storage of grain in the humid tropics :
Remainder of title proceedings of an international workshop held at Kuala Lumpur, Malaysia, 6-9 October 1987 /
260 ## - PUBLICATION, DISTRIBUTION, ETC. (IMPRINT)
Place of publication Canberra, A.C.T. :
Name of publisher Australian Centre for International Agricultural Research,
Year of publication 1988
300 ## - PHYSICAL DESCRIPTION
Number of Pages 295 p. :
Other physical details ill. ;
Dimensions 24 cm
490 1# - SERIES STATEMENT
Series statement ACIAR proceedings ;
500 ## - GENERAL NOTE
General note "Sponsored by: Australian Centre for International Agricultural Research (ACIAR); ASEAN-EEC Regional Collaborative Programme on Grains Postharvest Technology; ASEAN Grains Working Group; Malaysian Agricultural Research and Development Institute (MARDI); National Paddy and Rice Authority (LPN), Malaysia; ASEAN Food Handling Bureau (AFHB)."
650 #0 - SUBJECT ADDED ENTRY--TOPICAL TERM
Topical Term Grain
650 #0 - SUBJECT ADDED ENTRY--TOPICAL TERM
Topical Term Grain
700 1# - ADDED ENTRY--PERSONAL NAME
Personal name Champ, B. R.
700 1# - ADDED ENTRY--PERSONAL NAME
Personal name Highley, E
710 2# - ADDED ENTRY--CORPORATE NAME
Corporate name or jurisdiction name as entry element Australian Centre for International Agricultural Research
942 ## - ADDED ENTRY ELEMENTS (KOHA)
Koha item type សៀវភៅភាសាអង់គ្លេស
952 ## - LOCATION AND ITEM INFORMATION (KOHA)
Withdrawn status [LOCAL, KOHA] 0
Holdings
Permanent Location Date acquired Koha item type Lost status Shelving location Barcode Current Location Full call number
Library Block A2017-10-13សៀវភៅភាសាអង់គ្លេស A049A15650Library Block A631 AUS 1988 A049 Or.
មជ្ឈមណ្ឌលឯការនៃសាកលវិទ្យាល័យភូមិន្ទកសិកម្មចំការដូង

Powered by Koha